| 000 | 00539nam a2200217 a 4500 | ||
|---|---|---|---|
| 999 |
_c9406 _d9406 |
||
| 001 | 9406 | ||
| 003 | BD-JhCC | ||
| 005 | 20180627083416.0 | ||
| 008 | 180313b1960 e |||| ||a| 000 0 eng d | ||
| 035 | _a(BD-JhCC) 9406 | ||
| 040 |
_aBD-JhCC _dBD-JhCC |
||
| 041 | _aeng | ||
| 082 |
_a630.342 _bTAY 1960 |
||
| 100 | _aTaylor, Boswell | ||
| 245 |
_aRobert Bakewell / _cBoswell Taylor |
||
| 260 |
_aLondon : _bLondon Macmillan &Co Ltd , _c1960 |
||
| 300 |
_a62 p .: _c17 cm . |
||
| 650 | _aAgriculture | ||
| 942 |
_2ddc _cBK |
||